000 00502nam a2200181Ia 4500
003 OSt
005 20240918095748.0
008 220927b |||||||| |||| 00| 0 eng d
040 _aSDCL
_cSDCL
_beng
041 _2eng
_aeng
082 _aRxM72,HMF K1
100 _aRussell, Bertrand
245 0 _aHas man a future?
260 _aLondon:
_bGeorge Allen & Unwin,
_c1961.
300 _a136p.
_ccm.
942 _hRxM72,HMF K1
_cTEXL
_2CC
999 _c711835
_d711835